[Event "Poznan Chess Festival"]
[Site "chess24.com"]
[Date "2021.08.16"]
[Round "3"]
[White "Anand M P"]
[Black "Podobinski, Piotr"]
[Result "1-0"]
[Board "39"]
[WhiteElo "1392"]
[WhiteCountry "IND"]
[WhiteFideId "45087644"]
[WhiteEloChange "4"]
[BlackElo "1130"]
[BlackCountry "POL"]
[BlackFideId "21063141"]
[BlackEloChange "-4"]

1. e4 {[%clk 1:30:30]} e5 {[%clk 1:30:30]} 2. Nf3 {[%clk 1:30:30]} Nf6 {[%clk
1:30:30]} 3. Nxe5 {[%clk 1:30:30]} d6 {[%clk 1:30:30]} 4. Nf3 {[%clk 1:30:30]}
Nxe4 {[%clk 1:30:30]} 5. Nc3 {[%clk 1:30:30]} Nxc3 {[%clk 1:30:30]} 6. dxc3
{[%clk 1:30:30]} Be7 {[%clk 1:30:30]} 7. Be3 {[%clk 1:30:30]} O-O {[%clk
1:30:30]} 8. Bd3 {[%clk 1:30:30]} Nd7 {[%clk 1:30:30]} 9. h4 {[%clk 1:30:30]} Bf6
{[%clk 1:30:30]} 10. Bxh7+ {[%clk 1:30:30]} Kxh7 {[%clk 1:30:30]} 11. Ng5+ {[%clk
1:30:30]} Kg8 {[%clk 1:30:30]} 12. Qh5 {[%clk 1:30:30]} Bxg5 {[%clk 1:30:30]} 13.
hxg5 {[%clk 1:30:30]} f5 {[%clk 1:30:30]} 14. g6 {[%clk 1:30:30]} Nf6 {[%clk
1:30:30]} 15. Qh8# {[%clk 1:30:30]} 1-0

[Event "Poznan Chess Festival"]
[Site "chess24.com"]
[Date "2021.08.16"]
[Round "3"]
[White "Nicikowski, Jozef"]
[Black "Kierska, Pola"]
[Result "0-1"]
[Board "40"]
[WhiteElo "1372"]
[WhiteCountry "POL"]
[WhiteFideId "21816468"]
[WhiteEloChange "-16"]
[BlackElo "1107"]
[BlackCountry "POL"]
[BlackFideId "21854262"]
[BlackEloChange "16"]

1. d4 {[%clk 1:30:30]} Nf6 {[%clk 1:30:30]} 2. c4 {[%clk 1:30:30]} e6 {[%clk
1:30:30]} 3. Bg5 {[%clk 1:30:30]} h6 {[%clk 1:30:30]} 4. Bh4 {[%clk 1:30:30]} g5
{[%clk 1:30:30]} 5. Bg3 {[%clk 1:30:30]} Ne4 {[%clk 1:30:30]} 6. Qd3 {[%clk
1:30:30]} Nxg3 {[%clk 1:30:30]} 7. hxg3 {[%clk 1:30:30]} d5 {[%clk 1:30:30]} 8.
c5 {[%clk 1:30:30]} c6 {[%clk 1:30:30]} 9. Nc3 {[%clk 1:30:30]} Bg7 {[%clk
1:30:30]} 10. Nf3 {[%clk 1:30:30]} b6 {[%clk 1:30:30]} 11. Ne5 {[%clk 1:30:30]}
Bxe5 {[%clk 1:30:30]} 12. dxe5 {[%clk 1:30:30]} bxc5 {[%clk 1:30:30]} 13. Qf3
{[%clk 1:30:30]} Nd7 {[%clk 1:30:30]} 14. Qh5 {[%clk 1:30:30]} Nxe5 {[%clk
1:30:30]} 15. O-O-O {[%clk 1:30:30]} Qf6 {[%clk 1:30:30]} 16. f3 {[%clk 1:30:30]}
Qg6 {[%clk 1:30:30]} 17. Qh2 {[%clk 1:30:30]} Nd7 {[%clk 1:30:30]} 18. e3 {[%clk
1:30:30]} f5 {[%clk 1:30:30]} 19. g4 {[%clk 1:30:59]} Qf6 {[%clk 1:30:30]} 20.
gxf5 {[%clk 1:30:59]} exf5 {[%clk 1:30:30]} 21. Bd3 {[%clk 1:30:59]} f4 {[%clk
1:30:30]} 22. Qh5+ {[%clk 1:30:59]} Kd8 {[%clk 1:30:30]} 23. e4 {[%clk 1:30:59]}
d4 {[%clk 1:30:30]} 24. Na4 {[%clk 1:30:59]} Qe7 {[%clk 1:30:30]} 25. b3 {[%clk
1:30:59]} Ne5 {[%clk 1:30:30]} 26. Nb2 {[%clk 1:30:59]} Qf7 {[%clk 1:30:30]} 27.
Qh2 {[%clk 1:30:59]} a5 {[%clk 1:30:30]} 28. Qg1 {[%clk 1:30:59]} Ba6 {[%clk
1:30:30]} 29. Bxa6 {[%clk 1:30:59]} Rxa6 {[%clk 1:30:30]} 30. Rxd4+ {[%clk
1:30:59]} cxd4 {[%clk 1:30:30]} 31. Qxd4+ {[%clk 1:30:59]} Kc8 {[%clk 1:30:30]}
32. Qxe5 {[%clk 1:30:59]} Re8 {[%clk 1:30:30]} 33. Qc5 {[%clk 1:30:59]} Qe7
{[%clk 1:30:30]} 34. Qf5+ {[%clk 1:30:59]} Qe6 {[%clk 1:30:30]} 35. Qh7 {[%clk
1:30:59]} c5 {[%clk 1:30:30]} 36. Nc4 {[%clk 1:30:59]} a4 {[%clk 1:30:30]} 37. e5
{[%clk 1:30:59]} axb3 {[%clk 1:30:30]} 38. Nd6+ {[%clk 1:30:59]} Rxd6 {[%clk
1:30:30]} 39. exd6 {[%clk 1:30:59]} Qxd6 {[%clk 1:30:30]} 40. Rxh6 {[%clk
1:30:59]} Re1+ {[%clk 1:30:30]} 41. Kb2 {[%clk 1:30:59]} Qd4+ {[%clk 1:30:30]}
42. Ka3 {[%clk 1:30:59]} Qb4+ {[%clk 1:30:30]} 43. Kb2 {[%clk 1:30:59]} Re2+
{[%clk 1:30:30]} 44. Ka1 {[%clk 1:30:59]} Qc3+ {[%clk 1:30:30]} 0-1

[Event "Poznan Chess Festival"]
[Site "chess24.com"]
[Date "2021.08.16"]
[Round "3"]
[White "Miedziak, Mikolaj"]
[Black "Rosenfeld, Noe"]
[Result "0-1"]
[Board "41"]
[WhiteElo "1181"]
[WhiteCountry "POL"]
[WhiteFideId "21070580"]
[WhiteEloChange "-7"]
[BlackElo "1305"]
[BlackCountry "POL"]
[BlackFideId "21840989"]
[BlackEloChange "7"]

1. e4 {[%clk 1:30:30]} c5 {[%clk 1:30:30]} 2. Nf3 {[%clk 1:30:30]} d6 {[%clk
1:30:30]} 3. d4 {[%clk 1:30:30]} cxd4 {[%clk 1:30:30]} 4. Nxd4 {[%clk 1:30:30]}
Nf6 {[%clk 1:30:30]} 5. Nc3 {[%clk 1:30:30]} a6 {[%clk 1:30:30]} 6. Be3 {[%clk
1:30:30]} e5 {[%clk 1:30:30]} 7. Nb3 {[%clk 1:30:30]} Be6 {[%clk 1:30:30]} 8. Be2
{[%clk 1:30:30]} Be7 {[%clk 1:30:30]} 9. g4 {[%clk 1:30:30]} h6 {[%clk 1:30:30]}
10. f3 {[%clk 1:30:30]} Nc6 {[%clk 1:30:30]} 11. Qd2 {[%clk 1:30:30]} Nd7 {[%clk
1:30:30]} 12. O-O-O {[%clk 1:30:30]} Rc8 {[%clk 1:30:30]} 13. Kb1 {[%clk
1:30:30]} O-O {[%clk 1:30:30]} 14. Nd5 {[%clk 1:30:30]} Bxd5 {[%clk 1:30:30]} 15.
Qxd5 {[%clk 1:30:30]} Nb4 {[%clk 1:30:30]} 16. Qd2 {[%clk 1:30:30]} Nxc2 {[%clk
1:30:30]} 17. Bf2 {[%clk 1:30:30]} Rc7 {[%clk 1:30:30]} 18. h4 {[%clk 1:30:30]}
d5 {[%clk 1:30:30]} 19. exd5 {[%clk 1:30:30]} Bb4 {[%clk 1:30:30]} 20. Qd3 {[%clk
1:30:30]} Qf6 {[%clk 1:30:30]} 21. Rc1 {[%clk 1:30:30]} Rfc8 {[%clk 1:30:30]} 22.
Bd1 {[%clk 1:30:30]} e4 {[%clk 1:30:30]} 23. Qxe4 {[%clk 1:30:30]} Na3+ {[%clk
1:30:30]} 24. bxa3 {[%clk 1:30:30]} Rxc1+ {[%clk 1:30:30]} 25. Nxc1 {[%clk
1:30:30]} Bxa3 {[%clk 1:30:30]} 26. Nd3 {[%clk 1:30:30]} Rc1+ {[%clk 1:30:30]}
27. Nxc1 {[%clk 1:30:30]} Qb2# {[%clk 1:30:30]} 0-1

[Event "Poznan Chess Festival"]
[Site "chess24.com"]
[Date "2021.08.16"]
[Round "3"]
[White "Korzystka, Wiktor"]
[Black "Czyzewski, Leon"]
[Result "0-1"]
[Board "42"]
[WhiteElo "1303"]
[WhiteCountry "POL"]
[WhiteFideId "21842787"]
[WhiteEloChange "-16"]
[BlackElo "1086"]
[BlackCountry "POL"]
[BlackFideId "21007314"]
[BlackEloChange "16"]

1. Nf3 {[%clk 1:30:30]} c5 {[%clk 1:30:30]} 2. e4 {[%clk 1:30:30]} g6 {[%clk
1:30:30]} 3. g3 {[%clk 1:30:30]} Nc6 {[%clk 1:30:30]} 4. Bg2 {[%clk 1:30:30]} Nf6
{[%clk 1:30:30]} 5. d3 {[%clk 1:30:30]} Bg7 {[%clk 1:30:30]} 6. O-O {[%clk
1:30:30]} O-O {[%clk 1:30:30]} 7. Nbd2 {[%clk 1:30:30]} d6 {[%clk 1:30:30]} 8.
Re1 {[%clk 1:30:30]} Re8 {[%clk 1:30:30]} 9. h4 {[%clk 1:30:30]} Bg4 {[%clk
1:30:30]} 10. Nf1 {[%clk 1:30:30]} Ne5 {[%clk 1:30:30]} 11. N1h2 {[%clk 1:30:30]}
Nxf3+ {[%clk 1:30:30]} 12. Nxf3 {[%clk 1:30:30]} Nd7 {[%clk 1:30:30]} 13. c3
{[%clk 1:30:30]} Ne5 {[%clk 1:30:30]} 14. Be3 {[%clk 1:30:30]} Qb6 {[%clk
1:30:30]} 15. Rb1 {[%clk 1:30:30]} Qa6 {[%clk 1:30:30]} 16. d4 {[%clk 1:30:30]}
Nxf3+ {[%clk 1:30:30]} 17. Bxf3 {[%clk 1:30:30]} Bxf3 {[%clk 1:30:30]} 18. Qxf3
{[%clk 1:30:30]} cxd4 {[%clk 1:30:30]} 19. cxd4 {[%clk 1:30:30]} Qxa2 {[%clk
1:30:30]} 20. h5 {[%clk 1:30:30]} Qb3 {[%clk 1:30:30]} 21. hxg6 {[%clk 1:30:30]}
fxg6 {[%clk 1:30:30]} 22. Qg4 {[%clk 1:30:30]} Rf8 {[%clk 1:30:30]} 23. d5 {[%clk
1:30:30]} Qb4 {[%clk 1:30:30]} 24. Qe6+ {[%clk 1:30:30]} Rf7 {[%clk 1:30:30]} 25.
Bg5 {[%clk 1:30:30]} Qd4 {[%clk 1:30:30]} 26. Re3 {[%clk 1:30:30]} Qe5 {[%clk
1:30:30]} 27. f4 {[%clk 1:30:30]} Qd4 {[%clk 1:30:30]} 28. Kf2 {[%clk 1:30:30]}
Qd2+ {[%clk 1:30:30]} 29. Kf3 {[%clk 1:30:30]} Bd4 {[%clk 1:30:30]} 30. Ree1
{[%clk 1:30:30]} Qf2+ {[%clk 1:30:30]} 31. Kg4 {[%clk 1:30:30]} Qg2 {[%clk
1:30:30]} 32. Bh4 {[%clk 1:30:30]} Rf8 {[%clk 1:30:30]} 33. Rbc1 {[%clk 1:30:30]}
Kg7 {[%clk 1:30:30]} 34. Rf1 {[%clk 1:30:30]} h5+ {[%clk 1:30:30]} 35. Kg5 {[%clk
1:30:30]} Bf6+ {[%clk 1:30:30]} 36. Qxf6+ {[%clk 1:30:30]} exf6# {[%clk 1:30:30]}
0-1

[Event "Poznan Chess Festival"]
[Site "chess24.com"]
[Date "2021.08.16"]
[Round "3"]
[White "Cholewa, Jan"]
[Black "Nowak, Bartlomiej"]
[Result "0-1"]
[Board "43"]
[WhiteElo "1250"]
[WhiteCountry "POL"]
[WhiteFideId "21023956"]
[WhiteEloChange "-15"]
[BlackElo "1063"]
[BlackCountry "POL"]
[BlackFideId "21093148"]
[BlackEloChange "15"]

1. e4 {[%clk 1:30:30]} c5 {[%clk 1:30:30]} 2. Nf3 {[%clk 1:27:06]} e6 {[%clk
1:30:30]} 3. d4 {[%clk 1:27:06]} cxd4 {[%clk 1:30:30]} 4. Nxd4 {[%clk 1:27:06]}
Bc5 {[%clk 1:30:30]} 5. Nc3 {[%clk 1:27:06]} Qb6 {[%clk 1:30:30]} 6. Na4 {[%clk
1:27:06]} Qa5+ {[%clk 1:30:30]} 7. c3 {[%clk 1:27:06]} Bxd4 {[%clk 1:30:30]} 8.
Qxd4 {[%clk 1:27:06]} Nf6 {[%clk 1:30:30]} 9. Qc4 {[%clk 1:27:06]} Nc6 {[%clk
1:30:30]} 10. f3 {[%clk 1:27:06]} d5 {[%clk 1:30:30]} 11. exd5 {[%clk 1:27:06]}
Nxd5 {[%clk 1:30:30]} 12. Qc5 {[%clk 1:27:06]} Qxa4 {[%clk 1:30:30]} 13. Bb5
{[%clk 1:27:06]} Qh4+ {[%clk 1:30:30]} 14. g3 {[%clk 1:27:06]} Qd8 {[%clk
1:30:30]} 15. Bxc6+ {[%clk 1:27:06]} bxc6 {[%clk 1:30:30]} 16. c4 {[%clk
1:27:06]} Ne7 {[%clk 1:30:30]} 17. Bg5 {[%clk 1:27:06]} f6 {[%clk 1:30:30]} 18.
Rd1 {[%clk 1:27:06]} Qb6 {[%clk 1:30:30]} 19. Qd6 {[%clk 1:27:06]} fxg5 {[%clk
1:30:30]} 20. Ke2 {[%clk 1:27:06]} c5 {[%clk 1:30:30]} 21. Qe5 {[%clk 1:27:06]}
O-O {[%clk 1:30:30]} 22. Qxg5 {[%clk 1:27:06]} Qxb2+ {[%clk 1:30:30]} 23. Rd2
{[%clk 1:27:06]} Qf6 {[%clk 1:30:30]} 24. Qe3 {[%clk 1:27:06]} Ba6 {[%clk
1:30:30]} 25. Rd6 {[%clk 1:27:06]} Bxc4+ {[%clk 1:30:30]} 26. Kf2 {[%clk
1:27:06]} Bd5 {[%clk 1:30:30]} 27. Re1 {[%clk 1:27:06]} Nf5 {[%clk 1:30:30]} 0-1

[Event "Poznan Chess Festival"]
[Site "chess24.com"]
[Date "2021.08.16"]
[Round "3"]
[White "Nowak, Samuel"]
[Black "Tadych, Szymon"]
[Result "0-1"]
[Board "46"]
[WhiteElo "1054"]
[WhiteCountry "POL"]
[WhiteFideId "21097909"]
[WhiteEloChange "-2"]
[BlackElo "1396"]
[BlackCountry "POL"]
[BlackFideId "21820406"]
[BlackEloChange "2"]

1. d4 {[%clk 1:30:30]} f5 {[%clk 1:30:30]} 2. Nc3 {[%clk 1:30:30]} Nf6 {[%clk
1:30:30]} 3. Bg5 {[%clk 1:30:30]} e6 {[%clk 1:30:30]} 4. e4 {[%clk 1:30:30]} fxe4
{[%clk 1:30:30]} 5. Nxe4 {[%clk 1:30:30]} Be7 {[%clk 1:30:30]} 6. Bxf6 {[%clk
1:30:30]} Bxf6 {[%clk 1:30:30]} 7. Qh5+ {[%clk 1:30:30]} g6 {[%clk 1:30:30]} 8.
Qh6 {[%clk 1:30:30]} Qe7 {[%clk 1:30:30]} 9. Nxf6+ {[%clk 1:30:30]} Qxf6 {[%clk
1:30:30]} 10. Nf3 {[%clk 1:30:30]} Nc6 {[%clk 1:30:30]} 11. O-O-O {[%clk
1:30:30]} b6 {[%clk 1:30:30]} 12. h4 {[%clk 1:30:30]} Bb7 {[%clk 1:30:30]} 13. h5
{[%clk 1:30:30]} O-O-O {[%clk 1:30:30]} 14. hxg6 {[%clk 1:30:30]} hxg6 {[%clk
1:30:30]} 15. Bd3 {[%clk 1:30:30]} Rxh6 {[%clk 1:30:30]} 16. Rxh6 {[%clk
1:30:30]} Qf4+ {[%clk 1:30:30]} 0-1

[Event "Poznan Chess Festival"]
[Site "chess24.com"]
[Date "2021.08.17"]
[Round "4"]
[White "Chojnacki, Krzysztof"]
[Black "Raczynski, Krzysztof"]
[Result "1-0"]
[Board "1"]
[WhiteElo "2381"]
[WhiteTitle "IM"]
[WhiteCountry "POL"]
[WhiteFideId "1114115"]
[WhiteEloChange "5"]
[BlackElo "2212"]
[BlackCountry "POL"]
[BlackFideId "1172549"]
[BlackEloChange "-5"]

1. d4 {[%clk 1:30:56]} d6 {[%clk 1:30:48]} 2. Nf3 {[%clk 1:30:52]} Nf6 {[%clk
1:30:37]} 3. c4 {[%clk 1:31:01]} g6 {[%clk 1:30:26]} 4. Nc3 {[%clk 1:31:18]} Bg7
{[%clk 1:30:29]} 5. e4 {[%clk 1:31:17]} O-O {[%clk 1:30:26]} 6. Be2 {[%clk
1:31:27]} e5 {[%clk 1:30:13]} 7. d5 {[%clk 1:31:32]} a5 {[%clk 1:28:39]} 8. Bg5
{[%clk 1:31:34]} Na6 {[%clk 1:26:01]} 9. Nd2 {[%clk 1:30:04]} Qe8 {[%clk
1:24:23]} 10. a3 {[%clk 1:28:13]} Bd7 {[%clk 1:17:40]} 11. b3 {[%clk 1:25:39]} c6
{[%clk 1:10:57]} 12. O-O {[%clk 1:20:11]} h5 {[%clk 1:04:51]} 13. Rb1 {[%clk
1:12:21]} Ng4 {[%clk 0:59:51]} 14. h3 {[%clk 1:05:10]} Nh6 {[%clk 0:53:51]} 15.
b4 {[%clk 1:01:55]} axb4 {[%clk 0:50:10]} 16. axb4 {[%clk 1:00:10]} f6 {[%clk
0:50:09]} 17. Be3 {[%clk 0:58:56]} f5 {[%clk 0:49:00]} 18. dxc6 {[%clk 0:53:42]}
bxc6 {[%clk 0:47:18]} 19. b5 {[%clk 0:53:02]} f4 {[%clk 0:41:25]} 20. Bb6 {[%clk
0:48:05]} Nc5 {[%clk 0:39:53]} 21. Bxc5 {[%clk 0:42:40]} dxc5 {[%clk 0:40:08]}
22. Nb3 {[%clk 0:39:26]} Qe7 {[%clk 0:34:23]} 23. bxc6 {[%clk 0:30:29]} Bxc6
{[%clk 0:34:04]} 24. Nd5 {[%clk 0:30:28]} Qd6 {[%clk 0:27:53]} 25. Qd2 {[%clk
0:29:27]} Rab8 {[%clk 0:14:49]} 26. Qa5 {[%clk 0:25:44]} Nf7 {[%clk 0:13:33]} 27.
Qxc5 {[%clk 0:24:49]} Kh7 {[%clk 0:13:38]} 28. Qxd6 {[%clk 0:21:29]} Nxd6 {[%clk
0:14:06]} 29. Na5 {[%clk 0:21:21]} Ba4 {[%clk 0:11:42]} 30. Bd3 {[%clk 0:20:55]}
Ra8 {[%clk 0:08:25]} 31. Nb7 {[%clk 0:20:34]} Nxb7 {[%clk 0:07:38]} 32. Rxb7
{[%clk 0:21:01]} Bc6 {[%clk 0:07:46]} 33. Rb6 {[%clk 0:20:20]} Bd7 {[%clk
0:06:37]} 34. c5 {[%clk 0:19:30]} f3 {[%clk 0:05:04]} 35. c6 {[%clk 0:17:56]}
fxg2 {[%clk 0:04:34]} 36. Kxg2 {[%clk 0:17:55]} Bc8 {[%clk 0:04:52]} 37. Rc1
{[%clk 0:17:14]} Bh6 {[%clk 0:03:30]} 38. Rc3 {[%clk 0:16:29]} Ra2 {[%clk
0:03:33]} 39. Rc5 {[%clk 0:15:21]} Bd2 {[%clk 0:03:17]} 40. f3 {[%clk 0:13:51]}
Be1+ {[%clk 0:01:22]} 1-0

[Event "Poznan Chess Festival"]
[Site "chess24.com"]
[Date "2021.08.17"]
[Round "4"]
[White "Poltorak, Sebastian"]
[Black "Zakrzewski, Marek"]
[Result "1-0"]
[Board "2"]
[WhiteElo "2205"]
[WhiteCountry "POL"]
[WhiteFideId "1199498"]
[WhiteEloChange "13"]
[BlackElo "2295"]
[BlackTitle "FM"]
[BlackCountry "POL"]
[BlackFideId "1170694"]
[BlackEloChange "-13"]

1. e4 {[%clk 1:30:53]} c5 {[%clk 1:30:53]} 2. Nc3 {[%clk 1:31:18]} e6 {[%clk
1:31:14]} 3. g3 {[%clk 1:31:41]} d5 {[%clk 1:31:37]} 4. Bg2 {[%clk 1:31:06]} d4
{[%clk 1:31:51]} 5. Nce2 {[%clk 1:30:14]} d3 {[%clk 1:32:14]} 6. cxd3 {[%clk
1:25:48]} Nc6 {[%clk 1:32:35]} 7. Nf3 {[%clk 1:07:00]} e5 {[%clk 1:32:26]} 8. O-O
{[%clk 1:03:58]} Bd6 {[%clk 1:32:05]} 9. d4 {[%clk 0:57:01]} cxd4 {[%clk
1:28:42]} 10. d3 {[%clk 0:56:22]} Nge7 {[%clk 1:25:49]} 11. Ne1 {[%clk 0:50:12]}
Be6 {[%clk 1:12:21]} 12. f4 {[%clk 0:48:42]} f6 {[%clk 1:12:32]} 13. Nf3 {[%clk
0:44:09]} h6 {[%clk 1:01:52]} 14. Bd2 {[%clk 0:35:02]} g5 {[%clk 0:55:49]} 15. a3
{[%clk 0:32:02]} Qd7 {[%clk 0:51:24]} 16. b4 {[%clk 0:27:44]} a6 {[%clk 0:43:08]}
17. Kh1 {[%clk 0:24:58]} Rc8 {[%clk 0:32:22]} 18. Qb1 {[%clk 0:22:50]} O-O {[%clk
0:31:52]} 19. Qb2 {[%clk 0:18:08]} Na7 {[%clk 0:27:54]} 20. a4 {[%clk 0:13:10]}
Qc7 {[%clk 0:24:20]} 21. Ne1 {[%clk 0:10:22]} Kh7 {[%clk 0:19:11]} 22. h3 {[%clk
0:08:04]} Qd7 {[%clk 0:17:52]} 23. Kh2 {[%clk 0:08:22]} Rg8 {[%clk 0:17:42]} 24.
f5 {[%clk 0:03:31]} Bf7 {[%clk 0:18:05]} 25. g4 {[%clk 0:01:58]} h5 {[%clk
0:14:24]} 26. gxh5 {[%clk 0:01:55]} Bxh5 {[%clk 0:14:05]} 27. Ng3 {[%clk
0:01:34]} Bf7 {[%clk 0:14:22]} 28. Bf3 {[%clk 0:01:48]} Qe8 {[%clk 0:12:46]} 29.
Kg2 {[%clk 0:01:25]} Rh8 {[%clk 0:09:42]} 30. Rh1 {[%clk 0:01:29]} Kg7 {[%clk
0:09:56]} 31. Bd1 {[%clk 0:01:04]} Rh7 {[%clk 0:06:35]} 32. Nf3 {[%clk 0:00:43]}
Qc6 {[%clk 0:06:03]} 33. Bb3 {[%clk 0:00:38]} Qe8 {[%clk 0:03:03]} 34. Nh2 {[%clk
0:00:33]} Bxb3 {[%clk 0:03:17]} 35. Qxb3 {[%clk 0:00:59]} Qf7 {[%clk 0:03:38]}
36. Qb2 {[%clk 0:00:47]} Ng8 {[%clk 0:03:30]} 37. Rhc1 {[%clk 0:00:38]} Kf8
{[%clk 0:03:13]} 38. b5 {[%clk 0:00:46]} Rxc1 {[%clk 0:02:42]} 39. Rxc1 {[%clk
0:01:05]} axb5 {[%clk 0:02:59]} 40. axb5 {[%clk 0:01:09]} Qe8 {[%clk 0:02:49]}
41. b6 {[%clk 0:01:10]} Nc6 {[%clk 0:03:06]} 42. Ng4 {[%clk 0:00:51]} Rd7 {[%clk
0:02:59]} 43. Ra1 {[%clk 0:00:45]} Rd8 {[%clk 0:03:22]} 44. Qa2 {[%clk 0:00:59]}
Qf7 {[%clk 0:03:34]} 45. Qa4 {[%clk 0:00:48]} Qd7 {[%clk 0:03:19]} 46. Rh1 {[%clk
0:00:36]} Nb4 {[%clk 0:02:52]} 47. Qb3 {[%clk 0:00:35]} Qf7 {[%clk 0:02:35]} 48.
Qxf7+ {[%clk 0:00:38]} Kxf7 {[%clk 0:03:03]} 49. Bxb4 {[%clk 0:01:01]} Bxb4
{[%clk 0:03:28]} 50. h4 {[%clk 0:01:14]} gxh4 {[%clk 0:03:27]} 51. Rxh4 {[%clk
0:01:40]} Be7 {[%clk 0:03:13]} 52. Rh7+ {[%clk 0:01:48]} Kf8 {[%clk 0:03:34]} 53.
Nh5 {[%clk 0:02:14]} Rd6 {[%clk 0:03:30]} 54. Ng7 {[%clk 0:02:26]} Rxb6 {[%clk
0:01:42]} 55. Ne6+ {[%clk 0:02:51]} Rxe6 {[%clk 0:02:02]} 56. fxe6 {[%clk
0:03:19]} b5 {[%clk 0:02:06]} 57. Kf2 {[%clk 0:03:03]} Ke8 {[%clk 0:00:44]} 58.
Ke2 {[%clk 0:02:49]} Kf8 {[%clk 0:01:09]} 59. Kd1 {[%clk 0:03:05]} Ke8 {[%clk
0:01:38]} 60. Kc2 {[%clk 0:02:44]} Kf8 {[%clk 0:02:05]} 61. Kb3 {[%clk 0:03:02]}
Ke8 {[%clk 0:02:31]} 62. Rh8 {[%clk 0:03:27]} Kf8 {[%clk 0:02:49]} 63. Nh6 {[%clk
0:02:53]} Kg7 {[%clk 0:03:15]} 64. Rxg8+ {[%clk 0:01:58]} Kxh6 {[%clk 0:03:43]}
65. Re8 {[%clk 0:02:23]} Bc5 {[%clk 0:04:07]} 66. e7 {[%clk 0:02:49]} Kg7 {[%clk
0:03:23]} 67. Rg8+ {[%clk 0:03:09]} Kxg8 {[%clk 0:03:51]} 68. e8=Q+ {[%clk
0:03:34]} Kg7 {[%clk 0:04:15]} 69. Qxb5 {[%clk 0:03:27]} Bf8 {[%clk 0:04:33]} 70.
Kc4 {[%clk 0:03:46]} Kh6 {[%clk 0:04:39]} 71. Qd7 {[%clk 0:03:53]} Bg7 {[%clk
0:04:53]} 72. Qf5 {[%clk 0:04:12]} Bh8 {[%clk 0:05:15]} 73. Kd5 {[%clk 0:04:38]}
1-0

[Event "Poznan Chess Festival"]
[Site "chess24.com"]
[Date "2021.08.17"]
[Round "4"]
[White "Niekras, Dawid"]
[Black "Maj, Pawel"]
[Result "1/2-1/2"]
[Board "3"]
[WhiteElo "2289"]
[WhiteTitle "FM"]
[WhiteCountry "POL"]
[WhiteFideId "1160451"]
[WhiteEloChange "-5"]
[BlackElo "2113"]
[BlackCountry "POL"]
[BlackFideId "21818290"]
[BlackEloChange "5"]

1. e4 {[%clk 1:30:57]} c5 {[%clk 1:30:56]} 2. Nf3 {[%clk 1:31:22]} d6 {[%clk
1:31:25]} 3. d4 {[%clk 1:31:47]} cxd4 {[%clk 1:31:50]} 4. Nxd4 {[%clk 1:32:12]}
Nf6 {[%clk 1:32:17]} 5. Nc3 {[%clk 1:32:37]} a6 {[%clk 1:32:44]} 6. Qf3 {[%clk
1:32:42]} g6 {[%clk 1:28:17]} 7. h3 {[%clk 1:33:04]} Bg7 {[%clk 1:28:36]} 8. Be3
{[%clk 1:33:28]} Bd7 {[%clk 1:23:17]} 9. g4 {[%clk 1:32:35]} h6 {[%clk 1:21:43]}
10. O-O-O {[%clk 1:32:47]} Nc6 {[%clk 1:21:46]} 11. Qg2 {[%clk 1:24:34]} Rc8
{[%clk 1:17:17]} 12. f4 {[%clk 1:24:32]} Qa5 {[%clk 1:13:30]} 13. Nb3 {[%clk
0:56:23]} Qc7 {[%clk 1:12:12]} 14. Be2 {[%clk 0:56:41]} b5 {[%clk 1:06:49]} 15.
e5 {[%clk 0:43:29]} dxe5 {[%clk 1:05:48]} 16. g5 {[%clk 0:43:51]} hxg5 {[%clk
0:48:09]} 17. fxg5 {[%clk 0:44:14]} Nh5 {[%clk 0:45:22]} 18. Nd5 {[%clk 0:27:20]}
Qb8 {[%clk 0:43:55]} 19. Bxh5 {[%clk 0:20:12]} Rxh5 {[%clk 0:44:19]} 20. Nb6
{[%clk 0:20:08]} Bf5 {[%clk 0:43:04]} 21. Nxc8 {[%clk 0:20:23]} Qxc8 {[%clk
0:43:24]} 22. Bb6 {[%clk 0:14:06]} f6 {[%clk 0:41:54]} 23. Na5 {[%clk 0:12:49]}
e4 {[%clk 0:36:06]} 24. gxf6 {[%clk 0:08:55]} Bxf6 {[%clk 0:35:02]} 25. Nxc6
{[%clk 0:03:11]} Qxc6 {[%clk 0:35:24]} 26. Rd8+ {[%clk 0:03:12]} Kf7 {[%clk
0:35:44]} 27. Be3 {[%clk 0:03:33]} Qc4 {[%clk 0:33:35]} 28. Qd2 {[%clk 0:02:01]}
Qxa2 {[%clk 0:33:16]} 29. Qd5+ {[%clk 0:02:20]} Qxd5 {[%clk 0:33:29]} 30. Rxd5
{[%clk 0:02:45]} Rxh3 {[%clk 0:28:37]} 31. Rxh3 {[%clk 0:03:06]} Bxh3 {[%clk
0:29:03]} 32. b3 {[%clk 0:01:22]} Be6 {[%clk 0:20:05]} 1/2-1/2

[Event "Poznan Chess Festival"]
[Site "chess24.com"]
[Date "2021.08.17"]
[Round "4"]
[White "Piotrowski, Pawel"]
[Black "Jaskolka, Tomasz"]
[Result "1-0"]
[Board "4"]
[WhiteElo "2067"]
[WhiteCountry "POL"]
[WhiteFideId "1184415"]
[WhiteEloChange "14"]
[BlackElo "2220"]
[BlackTitle "CM"]
[BlackCountry "POL"]
[BlackFideId "1170791"]
[BlackEloChange "-14"]

1. d4 {[%clk 1:30:55]} b5 {[%clk 1:30:57]} 2. e4 {[%clk 1:28:55]} Bb7 {[%clk
1:30:07]} 3. Bxb5 {[%clk 1:27:42]} Bxe4 {[%clk 1:30:30]} 4. Nf3 {[%clk 1:28:07]}
e6 {[%clk 1:28:43]} 5. O-O {[%clk 1:27:59]} c6 {[%clk 1:25:32]} 6. Nc3 {[%clk
1:21:34]} cxb5 {[%clk 1:21:36]} 7. Nxe4 {[%clk 1:21:59]} d5 {[%clk 1:21:47]} 8.
Neg5 {[%clk 1:19:55]} Be7 {[%clk 1:09:08]} 9. Qd3 {[%clk 1:12:36]} Nd7 {[%clk
0:52:44]} 10. Nxh7 {[%clk 1:09:55]} Qc7 {[%clk 0:48:36]} 11. Re1 {[%clk 1:08:12]}
Rc8 {[%clk 0:47:18]} 12. c3 {[%clk 1:06:17]} Qc4 {[%clk 0:45:16]} 13. Qb1 {[%clk
1:05:24]} b4 {[%clk 0:31:12]} 14. Bd2 {[%clk 1:05:13]} bxc3 {[%clk 0:31:30]} 15.
Bxc3 {[%clk 1:05:16]} Qc7 {[%clk 0:31:03]} 16. Rxe6 {[%clk 0:58:03]} fxe6 {[%clk
0:27:49]} 17. Qg6+ {[%clk 0:58:12]} Kd8 {[%clk 0:28:14]} 18. Qxg7 {[%clk
0:58:37]} Rxh7 {[%clk 0:28:19]} 19. Qxh7 {[%clk 0:58:35]} Ndf6 {[%clk 0:27:52]}
20. Qf7 {[%clk 0:57:55]} Qb6 {[%clk 0:21:46]} 21. Re1 {[%clk 0:57:04]} Nh6 {[%clk
0:21:27]} 22. Qg6 {[%clk 0:57:17]} Nf5 {[%clk 0:20:39]} 23. g4 {[%clk 0:57:23]}
Kc7 {[%clk 0:19:25]} 24. Ba5 {[%clk 0:50:38]} Qxa5 {[%clk 0:18:25]} 25. Rxe6
{[%clk 0:51:03]} Rg8 {[%clk 0:15:18]} 26. Qxf5 {[%clk 0:51:26]} Rxg4+ {[%clk
0:14:21]} 27. Kh1 {[%clk 0:51:30]} Re4 {[%clk 0:13:16]} 28. Rxe7+ {[%clk
0:51:08]} Rxe7 {[%clk 0:13:42]} 29. Qxf6 {[%clk 0:51:28]} Qb4 {[%clk 0:11:47]}
30. Ne5 {[%clk 0:51:37]} Qd6 {[%clk 0:11:44]} 31. Qf4 {[%clk 0:48:08]} Rg7 {[%clk
0:11:01]} 32. h4 {[%clk 0:48:13]} Kb7 {[%clk 0:10:13]} 33. Qf3 {[%clk 0:47:04]}
Qd8 {[%clk 0:09:46]} 34. Qf4 {[%clk 0:37:44]} Qg8 {[%clk 0:06:12]} 35. Kh2 {[%clk
0:38:03]} Ka8 {[%clk 0:05:05]} 36. Qf6 {[%clk 0:36:32]} Qh8 {[%clk 0:02:02]} 37.
Nd7 {[%clk 0:34:08]} Kb7 {[%clk 0:01:19]} 38. Nc5+ {[%clk 0:34:35]} Kc8 {[%clk
0:01:33]} 39. Qc6+ {[%clk 0:34:59]} Kd8 {[%clk 0:02:00]} 40. Qa8+ {[%clk
0:35:25]} 1-0